000 00713nam a22002177a 4500
003 OSt
005 20160601141914.0
008 131001t xxu||||| |||| 00| 0 eng d
020 _a9781893476042
050 _aLB 1050
_b.B378 2002
082 _aGLT 375.4184
_bB28 2002
100 _aBarton, Mary Lee
_922460
245 _aTeaching reading in Mathematics :
_ba supplement to teaching reading in the content areas /
_cMary Lee Barton
250 _a2nd ed.
260 _aColo :
_bMcREL,
_cc2002.
300 _avi,152 p. :
_bill, ;
_c28 cm.
650 _aCurriculum planning (Reading)
_xUnited States.
_922562
650 _aReading
_xStudy and teaching.
_922563
942 _2lcc
_cBK
_eGLT
999 _c12564
_d12564